=LDR 00000nam 2200000 4500 =001 INLIS000000000024440 =005 20210215101512 =035 ##$$a 0010-061300000024440 =008 210215################g##########0#ind## =041 ##$$a Ind =082 ##$$a 336.2 =090 ##$$a 336.2, Sum p =245 ##$$a Pajak dan pembangunan /$c Prof. Dr. H. Sumitro SH =260 ##$$a Bandung :$b Eresco,$c 1988 =300 ##$$a 294 hlm ; $c 21x14 cm =650 #4$$a Pajak dan Perpajakan =850 ##$$a NBPNMAT =084 ##$$a 336.2 PAJ =250 ##$$a cet. 2 =990 ##$$a 111.718/Pro.97 =990 ##$$a 00054913